000 00336nam a22001457a 4500
008 210429b ||||| |||| 00| 0 eng d
020 _a9781563085017
041 _aeng
080 _a316
082 _a316
100 _a50
101 _aSOC
245 _aTravel the Globe Multicultural Story Times
_cDesiree Webber
942 _2udc
_cBK
999 _c57024
_d57024